Trayectoria de Goethe

Kaydedildi:
Detaylı Bibliyografya
Yazar: Reyes, Alfonso
Materyal Türü: Kitap
Dil:Undetermined
Baskı/Yayın Bilgisi: México, Distrito Federal Fondo de Cultura Económica 1989
Konular:
Etiketler: Etiketle
Etiket eklenmemiş, İlk siz ekleyin!

MARC

LEADER 00000nam a2200000Ia 4500
008 170316s9999 xx 000 0 und d
040 |a cru BVZT 
090 |a 830 R-1.1t 
100 |a Reyes, Alfonso 
245 |a Trayectoria de Goethe 
260 |a México, Distrito Federal 
260 |b Fondo de Cultura Económica 
260 |c 1989 
300 |a 176 páginas 
650 |a LITERATURA ALEMANA 
999 |c 7415  |d 7415 
942 |c 15 D  |h 830 R-1.1t  |2 z